| 000 | 00609cam a2200205 a 4500 | ||
|---|---|---|---|
| 001 | 000001545 | ||
| 005 | 20200929145620.0 | ||
| 008 | 761104s1975 ve 000 f spa | ||
| 040 |
_aDO-SdBNP _cDLC _dDLC |
||
| 082 |
_aV863.44 _bM183n |
||
| 100 | 1 |
_aMadrid, Antonieta _95069 |
|
| 245 | 1 | 0 |
_aNo es tiempo para rosas rojas : _bnovela / _cAntonieta Madrid. |
| 260 |
_aCaracas : _bMonte Avila, _c1975. |
||
| 300 |
_a184 p. ; _c18 cm. |
||
| 490 | 1 | _aContinente | |
| 650 | 4 |
_aNovela venezolana _93962 |
|
| 650 | 4 |
_aLiteratura venezolana _93816 |
|
| 830 | 0 |
_aContinente _95070 |
|
| 910 | _aCatalogación por copia / LC | ||
| 999 |
_c1447 _d1447 |
||